MARC

LEADER 00000nam2a2200000 4500
001 42492
005 20231031015510.0
035 |a (RuTPU)RU\TPU\book\43756 
090 |a 42492 
100 |a 20020905d2002 m y0rusy50 ca 
101 0 |a rus 
102 |a RU 
105 |a y z 001zd 
200 1 |a От Великой Победы до наших дней 
210 |d 2002 
215 |a 767 с. 
320 |a Библиогр.: с. 763-765. 
461 1 |0 (RuTPU)RU\TPU\book\44680  |y 5-04-009983-5  |t Советская цивилизация  |f С. Г. Кара-Мурза  |v Т. 2  |d 2002  |s История России. Современный взгляд 
600 1 |a Хрущев  |g Никита Сергеевич  |b Н. С.  |f 1894-1971  |c политический и государственный деятель  |c в 1953-64 1-й секретарь ЦК КПСС  |2 stltpui  |3 (RuTPU)RU\TPU\pers\395 
610 1 |a история 
610 1 |a Россия 
610 1 |a СССР 
610 1 |a Советское государство 
610 1 |a 20 век 
610 1 |a экономические реформы 
610 1 |a перестройка 
610 1 |a оттепель 
610 1 |a антисоветская пропаганда 
610 1 |a холодная война 
610 1 |a урбанизация 
610 1 |a диссиденты 
610 1 |a советская уравниловка 
610 1 |a государственная система 
610 1 |a реорганизация 
610 1 |a поворот рек 
686 |a Т3(2)623  |v LBC/SL-A  |2 rubbk 
801 1 |a RU  |b 63413507  |c 20020905  |g PSBO 
801 2 |a RU  |b 63413507  |c 20120529  |g PSBO 
942 |c BK